000
00305cam a22001097a 4500
008
180718b1977 xxu||||| |||| 00| 0 eng d
082
_a
A2:P52x54 J18
100
_a
Jafar, S.M.
245
_a
Student unrest in India: a select bibliography
_c
by S.M. Jafar
260
_a
Gurgaon
_b
I.D.S.
_c
1977
300
_a
191p.
999
_c
346899
_d
346899